000 00438nam a2200193Ia 4500
005 20240823041227.0
008 240823s9999||||xx |||||||||||||| ||und||
020 _a978-81-237-1031-0
041 _aENGLISH
082 _A954 Q3
100 _aDube S C
245 0 _aIndian Society
250 _a1st
260 _c2013
_bNational Book Trust
500 _aYES
650 _aIndian Society
_bGeneral
942 _cBK
999 _c205000
_d205000